Statistics for Countries With Only One P

Click here to take the quiz!

General Stats

  • This quiz has been taken 89 times
  • The average score is 15 of 20

Answer Stats

ContinentCountry% Correct
EuropePortugal
95%
EuropePoland
94%
OceaniaPalau
92%
North AmericaPanama
92%
South AmericaParaguay
89%
South AmericaPeru
88%
AfricaDemocratic Republic of the Congo
82%
AsiaPakistan
80%
AfricaRepublic of the Congo
77%
EuropeSpain
76%
Europe/AsiaCyprus
73%
AfricaCentral African Republic
65%
North AmericaDominican Republic
65%
AfricaEthiopia
65%
AsiaNepal
65%
AsiaJapan
64%
AfricaEgypt
61%
EuropeCzech Republic
58%
AsiaSingapore
58%
AfricaCape Verde
48%

Score Distribution

Percentile by Number Answered

Percent of People with Each Score

Your Score History

You have not taken this quiz